00262nam a2200085Ia 4500008004100000100001900041245004400060260005300104300001900157180205s9999 xx 000 0 und d aDee, Ronald P. aEffective english for college fresmen / aRizal Avenue, ManilabGood will book storec1969 aiii, 295 pages